|
|
|
|
| LEADER |
03111nam a2200373 a 4500 |
| 001 |
29306 |
| 003 |
BD-DhAAL |
| 005 |
20151019020002.0 |
| 008 |
150526s2011 enkab b 001 0 eng |
| 010 |
|
|
|a 2010031589
|
| 020 |
|
|
|a 9780415779432 (pbk.)
|
| 020 |
|
|
|a 9780415779425 (hbk.)
|
| 040 |
|
|
|a DLC
|c DLC
|d DLC
|d BD-DhAAL
|
| 042 |
|
|
|a pcc
|
| 043 |
|
|
|a az-----
|
| 050 |
0 |
0 |
|a DS340
|b .B66 2011
|
| 082 |
0 |
0 |
|a 954
|2 22
|
| 100 |
1 |
|
|a Bose, Sugata,
|d 1956-
|9 11443
|
| 245 |
1 |
0 |
|a Modern South Asia :
|b history, culture, political economy /
|c Sugata Bose and Ayesha Jalal.
|
| 250 |
|
|
|a 3rd ed.
|
| 260 |
|
|
|a London ;
|a New York :
|b Routledge,
|c 2011.
|
| 300 |
|
|
|a xvii, 259 p. :
|b ill., maps ;
|c 24 cm.
|
| 504 |
|
|
|a Includes bibliographical references and index.
|
| 505 |
0 |
|
|a South Asian history : an introduction -- Modernity and antiquity : interpretations of ancient India -- Pre-modern accommodation of difference : the making of Indo-Islamic cultures -- The Mughal Empire : state, economy, and society -- India between empires : decline or decentralization? -- The transition to colonialism : resistance and collaboration -- The first century of British rule, 1757 to 1857 : state and economy -- Company Raj and Indian society, 1757 to 1857 : reinvention and reform of tradition -- 1857 : rebellion, collaboration, and the transition to Crown Raj -- High noon of colonialism, 1858 to 1914 : state and political economy -- A nation in making? : rational reform, religious revival, and Swadeshi nationalism, 1858 to 1914 -- Colonialism under siege : state and political economy after World War I -- Gandhian nationalism and mass politics : the 1920s -- The depression decade : society, economics, and politics -- Nationalism and colonialism during World War II and its aftermath : economic crisis and political confrontation -- The partition of India and the demand for Pakistan 1947 : its meaning and memory -- Post-colonial South Asia : state and economy, society, and politics, 1947-1971 -- Post-colonial South Asia : state and economy, society, and politics, 1971-2003 -- Decolonizing South Asia : the view from a new millennium.
|
| 541 |
|
|
|e 29306
|
| 651 |
|
0 |
|a South Asia
|x History.
|9 7534
|
| 700 |
1 |
|
|a Jalal, Ayesha.
|9 11444
|
| 942 |
|
|
|2 ddc
|c BK
|0 2
|
| 999 |
|
|
|c 34526
|d 34526
|
| 952 |
|
|
|0 0
|1 0
|2 ddc
|4 0
|6 954_000000000000000_BOS
|7 0
|9 53906
|a BRACUL
|b BRACUL
|c GEN
|d 2015-05-26
|l 3
|m 19
|o 954 BOS
|p 3010029306
|r 2024-01-22
|s 2023-10-25
|t 1
|w 2015-05-26
|y BK
|
| 952 |
|
|
|0 0
|1 0
|2 ddc
|4 0
|6 954_000000000000000_BOS
|7 0
|9 53907
|a BRACUL
|b BRACUL
|c GEN
|d 2015-05-26
|l 4
|m 19
|o 954 BOS
|p 3010029307
|r 2026-04-29
|s 2026-01-06
|t 2
|w 2015-05-26
|y BK
|
| 952 |
|
|
|0 0
|1 0
|2 ddc
|4 0
|6 954_000000000000000_BOS
|7 0
|9 53908
|a BRACUL
|b BRACUL
|c GEN
|d 2015-05-26
|l 3
|m 70
|o 954 BOS
|p 3010029308
|r 2024-02-17
|s 2023-10-04
|t 3
|w 2015-05-26
|y BK
|
| 952 |
|
|
|0 0
|1 0
|2 ddc
|4 0
|6 954_000000000000000_BOS
|7 0
|9 53930
|a BRACUL
|b BRACUL
|c GEN
|d 2015-05-27
|l 2
|m 3
|o 954 BOS
|p 3010029309
|r 2017-08-08
|s 2017-07-19
|t 4
|w 2015-05-27
|y BK
|
| 952 |
|
|
|0 0
|1 0
|2 ddc
|4 0
|6 954_000000000000000_BOS
|7 0
|9 53931
|a BRACUL
|b BRACUL
|c GEN
|d 2015-05-27
|l 3
|m 2
|o 954 BOS
|p 3010029310
|r 2020-02-02
|s 2020-01-06
|t 5
|w 2015-05-27
|y BK
|